000 00338nam a2200145Ia 4500
005 20251222141807.0
008 251222s9999||||xx |||||||||||||| ||spa||
020 _a9789584518262
082 _a150/B86
100 _aBuckinggham, Marcus
245 0 _aAhora, Descubre sus Fortalezas
250 _a1ra.ed.
264 _bNorma
942 _cLIB
999 _c6341
_d6341